| 000 | 00401pab a2200157 454500 | ||
|---|---|---|---|
| 008 | 180718b2005 xxu||||| |||| 00| 0 eng d | ||
| 100 | _aHenrie, Morgan | ||
| 245 | _aProject management: a cultural literary review | ||
| 260 | _c2005 | ||
| 300 | _ap.5-14. | ||
| 362 | _aJun | ||
| 650 | _aProject management | ||
| 700 | _aSousa-Poza, Andres | ||
| 773 | _aProject Management Journal | ||
| 909 | _a66378 | ||
| 999 |
_c66378 _d66378 |
||